Statistiques concernant Les 10 pays avec le plus de protestants

Cliquez ici pour prendre le quiz!

Statistiques générales

  • Ce quiz a été pris 361 fois
  • Le résultat moyen est 6 sur 10

Statistiques - réponses

Nombre de ProtestantsRéponse% Correct
138 050 000Etats-Unis
95%
21 610 000Allemagne
83%
21 000 000Royaume-Uni
77%
42 791 000Brésil
58%
39 970 000Chine
55%
67 760 000Nigeria
49%
36 814 500Afrique du Sud
48%
31 663 000République démocratique du Congo
44%
19 203 000Kenya
25%
16 530 000Indonésie
21%

Distribution des résultats

Percentile par nombre de réponses

% des personnes avec chaque résultat

Votre développement - résultats

Vous n’avez pas pris ce quiz